000 00412nam a2200133Ia 4500
999 _c9774
_d9774
003 OSt
005 20220303140330.0
008 220112s9999||||xx |||||||||||||| ||und||
020 _a9788499361000
082 _a728.37
245 0 _aArchitecture inspirations 2 = : Architecture contemporaine : inspirations & tendances - Architektur-inspirationen 2
260 _bProsperous; Multilingual edition
_c2012
942 _2ddc